La sociedad emprendedora y el reto del desarrollo territorial de la universidad emprendedora (Registro nro. 49725)
[ vista simple ]
| 000 -CABECERA | |
|---|---|
| Longitud fija campo de control | 01116naa a2200289 c 4500 |
| 001 - NÚMERO DE CONTROL | |
| Número de control | 49725 |
| 003 - IDENTIFICADOR DE NÚMERO DE CONTROL | |
| Identificador del número de control | ES-MaCES |
| 005 - FECHA Y HORA DE LA ÚLTIMA TRANSACCIÓN | |
| Fecha y hora de la última transacción | 20170714141953.0 |
| 008 - CAMPO FIJO DE DESCRIPCIÓN FIJA--INFORMACIÓN GENERAL | |
| Códigos de información de longitud fija | 170714s2017 sp ||||| t||||||| ||spa d |
| 040 ## - FUENTE DE CATALOGACIÓN | |
| Centro catalogador de origen | ES-MaCES |
| Lengua de catalogación | spa |
| Centro transcriptor | ES-MaCES |
| Centro modificado | ES-MaCES |
| 100 1# - ENCABEZAMIENTO PRINCIPAL--NOMBRE PERSONAL | |
| 9 (RLIN) | 22883 |
| Nombre de persona | Ruiz Navarro, José |
| 245 13 - MENCIÓN DE TÍTULO | |
| Título | La sociedad emprendedora y el reto del desarrollo territorial de la universidad emprendedora |
| Mención de responsabilidad, etc. | José Ruiz Navarro |
| 504 ## - NOTA DE BIBLIOGRAFÍA, ETC. | |
| Nota de bibliografía, etc. | Bibliografía: p. 1092-1095 |
| 650 #4 - ASIENTO SECUNDARIO DE MATERIA--TÉRMINO DE MATERIA | |
| 9 (RLIN) | 27367 |
| Término de materia o nombre geográfico como elemento inicial | educación |
| 650 #4 - ASIENTO SECUNDARIO DE MATERIA--TÉRMINO DE MATERIA | |
| 9 (RLIN) | 27379 |
| Término de materia o nombre geográfico como elemento inicial | enseñanza superior |
| 650 #4 - ASIENTO SECUNDARIO DE MATERIA--TÉRMINO DE MATERIA | |
| 9 (RLIN) | 27434 |
| Término de materia o nombre geográfico como elemento inicial | universidad |
| 650 #4 - ASIENTO SECUNDARIO DE MATERIA--TÉRMINO DE MATERIA | |
| 9 (RLIN) | 27447 |
| Término de materia o nombre geográfico como elemento inicial | pensamiento creador |
| 650 #4 - ASIENTO SECUNDARIO DE MATERIA--TÉRMINO DE MATERIA | |
| 9 (RLIN) | 28230 |
| Término de materia o nombre geográfico como elemento inicial | innovación |
| 650 #4 - ASIENTO SECUNDARIO DE MATERIA--TÉRMINO DE MATERIA | |
| 9 (RLIN) | 30016 |
| Término de materia o nombre geográfico como elemento inicial | creación de empresa |
| 650 #4 - ASIENTO SECUNDARIO DE MATERIA--TÉRMINO DE MATERIA | |
| 9 (RLIN) | 29976 |
| Término de materia o nombre geográfico como elemento inicial | relación formación empleo |
| 650 #4 - ASIENTO SECUNDARIO DE MATERIA--TÉRMINO DE MATERIA | |
| 9 (RLIN) | 29186 |
| Término de materia o nombre geográfico como elemento inicial | desarrollo regional |
| 650 #4 - ASIENTO SECUNDARIO DE MATERIA--TÉRMINO DE MATERIA | |
| 9 (RLIN) | 30617 |
| Término de materia o nombre geográfico como elemento inicial | nivel regional |
| 653 10 - TÉRMINO DE INDEXACIÓN--NO CONTROLADO | |
| Término no controlado | Educación |
| 773 0# - ENTRADA DE DOCUMENTO FUENTE | |
| Itemnumber del ítem fuente | 86231 |
| Edición | 1ª ed |
| Lugar, editor y fecha de publicación | Cizur Menor (Navarra) Civitas-Thomson Reuters 2017 |
| Otro identificador del documento | 089128 |
| Título | Política económica, economía regional y servicios |
| Número de control del registro relacionado | (ES-MaCES)49528 |
| Número Internacional Normalizado para Libros (ISBN) | 9788491526452 |
| Parte(s) relacionada(s) | p.1079-1095 . - SG-0.0.-631 |
| 902 ## - CES. TIPO DE DOCUMENTO | |
| Tipodoc (006$c Sirtex) | ARL Artículo de libro |
| 942 ## - ELEMENTOS KOHA | |
| Fuente de clasificaión o esquema | Clasificación propia del CES |
| Koha [por defecto] tipo de item | Artículos (1982-2017) |
| Parte de clasificación | Educación |
No hay ítems disponibles.
